00683 a2200181 4500010001400000020001100014035001300025037001600038082001000054100001900064245017300083250001200256260005700268270011300325300002400438500002100462700001800483 aENG-89553 c120.00 aEN-73086 bDBAD / PUB14a651.71 aShukla, Preeti1 aBusiness communication/cby Preeti Shukla; designed & edited by Gaurav Guptab[for BBA/MBA of different Indian Universities and B.Com (Hons) I year of Delhi University] arev. ed aDelhi :bShree Mahavir Book Depot (Publishers)c2008 a2603, Nai Sarak,b DelhicDelhi :e110006k23262993, 23270792l011-23270792mmahavirpublications@hotmail.com a288p.c22 cm (pbk) aInclude appendix aGutpa, Gaurav